LEADER 00997nam a2200253 i 4500 001 000000163468 003 CaOOAMICUS 005 20240612145426.0 008 070730s1974 fr u000 u fre u 040 $aSeMil$bita 100 1 $aMasson, André.$0(OLS)http://semarc/name/54530 245 12$aL'allégorie /$cPar André Masson. 264 1$aParis :$bPresses Universitaires de France,$c1974. 300 $a122 p. ;$c18 cm. 490 1 $aQue sais-je? : collection encyclopédique ;$v1576 650 4$aRetorica.$0(OLS)http://semarc/subject/2202 650 4$aAllegoria.$0(OLS)http://semarc/subject/25354 830 0$aQue sais-je? ;$v1576.$0(OLS)http://semarc/title/19846 850 $aSeMil 852 $aSeMil$W1$xVenegono$y1$m1P I 32$j248946$B114762$CSeMilBibl$Z2$F125575 $81 961 $aRecupero: Altro 996 $6245$aL'allégorie$9(OLS)http://semarc/title/233214 996 $6264$aParis :$bPresses Universitaires de France$9(OLS)http://semarc/publisher/30047 LEADER 00925nam a2200205 i 4500 001 000000059415 003 CaOOAMICUS 005 20121204000000.0 008 121204s1961 it u000 u ita u 013 $a30587 040 $aSeMil$bita 245 10$aParte prima. 300 $aXI, 318 p. 490 0 $aIstituto di studi storico-politici, Università di Roma, Facoltà di scienze politiche ;$v5 650 4$aSanta Sede - Relazioni con la Francia.$0(OLS)http://semarc/subject/11630 773 0 $aFilippone, Giustino$tRelazioni tra lo Stato Pontificio e la Francia rivoluzionaria.$dMilano : Giuffrè, 1961-1967.$g1$w()27765 830 0$aIstituto di studi storico-politici, Università di Roma, Facoltà di scienze politiche ;$v5.$0(OLS)http://semarc/title/37607 850 $aSeMil 852 $aSeMil$W1$xVenegono$y1$m2J IV 211$j25568$B25568$CSeMilBibl$Z2$F25571 $81 996 $6245$aParte prima$9(OLS)http://semarc/title/57369